Rómovia kričali : Stop búraniu protest na Luniku IX zastavil starosta

Bibliographic Details
Main Author: Gécziová, Katarína (Author)
Format: Article
Language:Slovak
PhysicalDescription:Fotogr.
ISSN:1338-659X
Subjects:

MARC

LEADER 00000nab a2200000 a 4500
001 vtls010634233
003 SK-MaSNL
005 20260303085241.0
008 141110c20141106xo drz 0 0slo
038 |a KEVKJB 
040 |a KEVKJB  |b slo  |c KEVKJB  |e AACR2 
041 0 |a slo 
044 |a xo  |c SK 
080 |a 323.15(=214.58)  |2 2001 
100 1 |a Gécziová, Katarína  |4 aut  |9 1031787 
245 1 0 |a Rómovia kričali : Stop búraniu  |b protest na Luniku IX zastavil starosta  |c Katarína Gécziová 
300 |b Fotogr. 
650 0 7 |a Rómovia  |z Košice (Slovensko)  |2 kevkjb  |9 1087394 
651 7 |a Košice (Slovensko)  |2 kevkjb  |9 18694 
651 7 |a Luník IX (Košice II, Slovensko)  |2 kevkjb  |9 29376 
655 7 |a romiká  |2 kevkjb  |9 310820 
773 0 |t Korzár : denník Košického kraja  |g Roč. XVII., č. 256 (6.11.2014), s. 3  |x 1338-659X 
852 |a KEVKJB  |b KIS3GCP 
958 |a RQ 
999 |c 1798511  |d 1800441